| 000 | 00623nam a2200205 a 4500 | ||
|---|---|---|---|
| 999 |
_c1068 _d1068 |
||
| 001 | 1068 | ||
| 003 | BD-JhCC | ||
| 005 | 20171014185940.0 | ||
| 008 | 171014s1976 bg |||| |||| 000 0 ben d | ||
| 035 | _a(BD-JhCC)1068 | ||
| 040 |
_aBD-JhCC _dBD-JhCC |
||
| 041 | _aben | ||
| 082 |
_a891.443 _bHOS 1976 |
||
| 100 | _aহোসেন, সেলিনা | ||
| 245 |
_aহাঙর নদী গ্রেনেড / _cসেলিনা হোসেন |
||
| 260 |
_aঢাকা: _bমুক্তধারা, _c১৯৭৬ |
||
| 300 |
_a৯২ পৃ.; _c২০ সে.মি. |
||
| 650 | _aBengali Novel | ||
| 942 |
_2ddc _cBK |
||